000 01522nam a2200361 i 4500
003 EG-GICUC
005 20260312134329.0
008 260312s1993 ua |||fr|||| 00| 0 ara d
017 _a9251/1991
020 _a977002435X
040 _a EG-GICUC
_bara
_c EG-GICUC
_d EG-GICUC
_erda
041 0 _aara
082 0 4 _221
_a343.71
_bم ح . أ
092 0 4 _221
099 _aLaw1 10 343.71 م ح . أ 1993
100 0 _aمحمد أبو العلا عقيدة
_eمؤلف.
245 1 0 _aأصول علم العقاب :
_bدراسة تحليلية وتأصيلية للنظام العقابى المعاصر مقارنا بالنظام العقابى الإسلامى /
_cتأليف الدكتور محمد أبو العلا عقيدة.
264 1 _aالقاهرة :
_bدار الفكر العربى،
_c1993.
300 _a519 ؛صفحة
_c24 سم.
_bإيضاحيات، صور، مثيليات ؛
336 _2rda content
_atext
337 _2rda media
_aComputer
338 _2rda carrier
_aOnline Resource
504 _a481 - 503 ببليوجرافيا: صفحات.
546 _aالنص باللغة العربية
650 1 _aالمبادئ العامة فى علم العقاب
_2qrmak
650 1 _aالقانون الجنائى
_2qrmak
650 1 _aالنظام العقابى المعاصر
_2qrmak
650 1 _aالنظام العقابى الإسلامى
_2qrmak
651 1 _2qrmak
856 4 0 _uhttps://fll.law.cu.edu.eg/fulltext/bks/B10-07950.pdf
905 _a43
942 _2ddc
_cBK
_e21
_n0
999 _c66279
_d66279